| 000 | 00570nam a22001937a 4500 | ||
|---|---|---|---|
| 999 |
_c182318 _d182318 |
||
| 005 | 20211111113731.0 | ||
| 010 | _aB-741815 | ||
| 020 |
_a9788187057246 _c295.00 |
||
| 035 | _aB-741815 | ||
| 037 |
_aDPL _bGift |
||
| 082 | _a289.9 | ||
| 100 | _aAllen, James | ||
| 245 |
_aAs a man thinketh / _cJames Allen |
||
| 260 |
_aNew Delhi _bLDS Marketing _c2020 |
||
| 270 |
_a4803/24, Bharat ram Road, Daryaganj, _bN.Delhi _e110002 |
||
| 300 |
_a92p. _c20cm(pbk) |
||
| 942 |
_2ddc _cEN _h289.9 _mALL |
||